00770 a2200145 4500020002700000020003000027082001200057100002300069245006000092250001200152260004000164300002100204520031700225856008200542 a0072315318 (paperback) a9780071181174 (paperback)04a658.1511 aHiggins, Robert C.10aAnalysis for financial management /cRobert C. Higgins. a6th ed. a[S.l.] :bIrwin/McGraw-Hill,c2000. a432 p. ;c23 cm. aThis paperback text has been written to present standard techniques and modern developments in a practical and intuitive manner. It is intended for non-financial managers and business students interested in the practice of financial management. Emphasis is on the managerial applications of financial analysis. 403Amazon.comuhttp://www.amazon.com/exec/obidos/ASIN/0072315318/chopaconline-20